Paroles - Quand on n'a plus rien à perdre - Starmania - Statistiques

Statistiques générales
  • Ce quiz a été pris 22 fois
  • Le résultat moyen est 215 sur 235
Statistiques - réponses
Hints Answerd % Correct
à
100%
je
100%
Cristal Je
100%
malheureux
100%
moi
100%
Cristal et Johnny On
100%
on
100%
perdre
100%
plus
100%
Quand
100%
rien
100%
sa
100%
s'aime
100%
se
100%
Cristal | Johnny Si
100%
si
100%
toi
100%
tu
100%
Johnny Tu
100%
avec
94%
de
94%
d'être
94%
fout
94%
n'a
94%
no
94%
nous
94%
pars
94%
s'en
94%
te
94%
tout
94%
vie
94%
Ce
89%
chêne
89%
comme
89%
des
89%
en
89%
encore
89%
fous
89%
le
89%
mieux
89%
penser
89%
peut
89%
pour
89%
prend
89%
qu'on
89%
serai
89%
seras
89%
un
89%
chaînes
83%
doigt
83%
du
83%
entière
83%
gens
83%
hors-la-loi
83%
la
83%
Les
83%
les
83%
lierre
83%
m'accrocherai
83%
même
83%
83%
t'enchaîne
83%
tes
83%
voulais
83%
arrière
78%
bien
78%
bout
78%
choisit
78%
Contre
78%
faut
78%
il
78%
jamais
78%
j'étais
78%
j'oublierai
78%
jusqu'au
78%
land
78%
man's
78%
montreront
78%
Naziland
78%
ne
78%
pourra
78%
qui
78%
revenir
78%
terre
78%
trouvera
78%
vivre
78%
aimeras
72%
autoroutes
72%
désespérement
72%
libres
72%
Cristal et Johnny Loin
72%
pourras
72%
souterrains
72%
Sur
72%
Cristal et Johnny Venez
72%
vies
72%
vos
72%
aller
67%
Alors
67%
folie
67%
Jusqu'où
67%
vous
67%
comprendrez
61%
Risquer
61%
Aucun quiz correspondant
Distribution des résultats
% des personnes avec chaque résultat
Percentile par nombre de réponses
Votre historique - résultats
Vous n’avez pas pris ce quiz